00785cam a22002172 4500001001100000005001700011008004100028020001500069040001500084050002200099100003400121245011700155250001300272260005600285300008600341650003900427650002800466700003300494700003700527852000300564000001187420151021151122.0090118s xx 000 0 eng d a0135009369 aKABUcKABU 0aHF1017b.B47 20091 aBerenson, Mark L.@000015054010aBasic business statistics :bconcepts and applications /cMark L. Berenson, David M. Levine Timothy C. Krehbiel. a11th ed. aUpper Saddle River, N. J. :bPrentice-Hall,cc2009. a1013 p. :bill. +e1 computer compact digital disk (4 3/4 in. ) and Key formulas. 0aCommercial statistics.@0000149884 0aStatistics.@00001498711 aLevine, David M.@00001505361 aKrehbiel, Timothy C.@00001577161